Managerial economics and organizational architecture. / (Record no. 3109)
[ view plain ]
| 000 -LEADER | |
|---|---|
| fixed length control field | 02381cam a2200373 a 4500 |
| 001 - CONTROL NUMBER | |
| control field | 15385896 |
| 005 - DATE AND TIME OF LATEST TRANSACTION | |
| control field | 20210414114232.0 |
| 008 - FIXED-LENGTH DATA ELEMENTS--GENERAL INFORMATION | |
| fixed length control field | 080728s2009 maua b 001 0 eng |
| 010 ## - LIBRARY OF CONGRESS CONTROL NUMBER | |
| LC control number | 2008032004 |
| 020 ## - INTERNATIONAL STANDARD BOOK NUMBER | |
| International Standard Book Number | 9780073375823 (alk. paper) |
| 020 ## - INTERNATIONAL STANDARD BOOK NUMBER | |
| International Standard Book Number | 0073375829 (alk. paper) |
| 035 ## - SYSTEM CONTROL NUMBER | |
| System control number | (OCoLC)ocn226356767 |
| 035 ## - SYSTEM CONTROL NUMBER | |
| System control number | (OCoLC)226356767 |
| 040 ## - CATALOGING SOURCE | |
| Original cataloging agency | DLC |
| Transcribing agency | DLC |
| Modifying agency | BTCTA |
| -- | BAKER |
| -- | C#P |
| -- | BWX |
| -- | DLC |
| 050 00 - LIBRARY OF CONGRESS CALL NUMBER | |
| Classification number | HD30.22 |
| Item number | .B729 |
| 082 00 - DEWEY DECIMAL CLASSIFICATION NUMBER | |
| Classification number | 658 |
| Edition number | 22 |
| 100 1# - MAIN ENTRY--PERSONAL NAME | |
| Personal name | Brickley, James A. |
| 245 10 - TITLE STATEMENT | |
| Title | Managerial economics and organizational architecture. / |
| Statement of responsibility, etc. | James A. Brickley, Clifford W. Smith, Jerold L. Zimmerman. |
| 250 ## - EDITION STATEMENT | |
| Edition statement | 5th ed. |
| 260 ## - PUBLICATION, DISTRIBUTION, ETC. | |
| Place of publication, distribution, etc. | Boston : |
| Name of publisher, distributor, etc. | McGraw-Hill Irwin, |
| Date of publication, distribution, etc. | c2009. |
| 300 ## - PHYSICAL DESCRIPTION | |
| Extent | xxi, 714 p. : |
| Other physical details | ill. (some col.) ; |
| Dimensions | 27 cm. |
| 490 1# - SERIES STATEMENT | |
| Series statement | The McGraw-Hill series in economics |
| 504 ## - BIBLIOGRAPHY, ETC. NOTE | |
| Bibliography, etc. note | Includes bibliographical references and index. |
| 505 ## - FORMATTED CONTENTS NOTE | |
| Formatted contents note | Contents: Basic concepts: Introduction -- Economists' view of behaviour -- Markets, organisations and the role of knowledge -- Managerial economics: Demand -- Production and cost -- Market structure -- Pricing with market power --Economics of strategy: Game theory -- Incentive conflicts and contracts -- Designing organizational architecture: Organizational architecture -- Decision rights; the level of employment -- decision rights: Bundling tasks into jobs ans subunits -- Attracting and retaining qualified employees -- Incentive compensation -- Individual performance evaluation -- Divisional performance evaluation -- Application of organizational architecture: Corporate governance -- vertical integration and outsourcing -- Leadership: motivating change within organizations -- Understanding the business environment: The economics of regulations -- Ethics and organizational architecture -- Organizational architecture and the process of management innovation. |
| 650 #0 - SUBJECT ADDED ENTRY--TOPICAL TERM | |
| Topical term or geographic name entry element | Managerial economics. |
| 650 #0 - SUBJECT ADDED ENTRY--TOPICAL TERM | |
| Topical term or geographic name entry element | Organizational effectiveness. |
| 700 1# - ADDED ENTRY--PERSONAL NAME | |
| Personal name | Smith, Clifford W. |
| 700 1# - ADDED ENTRY--PERSONAL NAME | |
| Personal name | Zimmerman, Jerold L., |
| Dates associated with a name | 1947- |
| 830 #0 - SERIES ADDED ENTRY--UNIFORM TITLE | |
| Uniform title | McGraw-Hill series in economics. |
| 856 41 - ELECTRONIC LOCATION AND ACCESS | |
| Materials specified | Table of contents only |
| Uniform Resource Identifier | <a href="http://www.loc.gov/catdir/toc/ecip0824/2008032004.html">http://www.loc.gov/catdir/toc/ecip0824/2008032004.html</a> |
| 906 ## - LOCAL DATA ELEMENT F, LDF (RLIN) | |
| a | 7 |
| b | cbc |
| c | orignew |
| d | 1 |
| e | ecip |
| f | 20 |
| g | y-gencatlg |
| 942 ## - ADDED ENTRY ELEMENTS (KOHA) | |
| Source of classification or shelving scheme | Library of Congress Classification |
| Koha item type | Books |
| Withdrawn status | Lost status | Source of classification or shelving scheme | Damaged status | Not for loan | Home library | Current library | Shelving location | Date acquired | Total Checkouts | Full call number | Barcode | Date last seen | Copy number | Price effective from | Koha item type |
|---|---|---|---|---|---|---|---|---|---|---|---|---|---|---|---|
| Library of Congress Classification | WISCONSIN INTERNATIONAL UNIVERSITY COLLEGE, GHANA - MAIN LIBRARY | WISCONSIN INTERNATIONAL UNIVERSITY COLLEGE, GHANA - MAIN LIBRARY | Reference | 09/07/2014 | HD30.22 .B729 | 7526/554/13 | 09/07/2014 | 1 | 09/07/2014 | Books |
